[Event "Isle of Wight op"]
[Site "Ryde"]
[Date "2024.04.21"]
[Round "5"]
[White "Dickenson, Neil F"]
[Black "Chua, Chee Sian Sebastien"]
[Result "1-0"]
[WhiteElo "2295"]
[BlackElo "2020"]
[PlyCount "41"]
[EventDate "2024.04.19"]
[EventType "swiss"]
[EventRounds "5"]
[EventCountry "ENG"]
[SourceTitle "CB17_2024"]
[SourceDate "2024.04.24"]
[SourceVersion "1"]
[SourceVersionDate "2024.04.24"]
[SourceQuality "1"]

1. d4 d5 2. Bf4 Nf6 3. e3 e6 4. Nf3 c5 5. c3 Bd6 6. Ne5 0-0 7. Nd2 Qc7 8. Bg3 Nbd7 9. f4 b6 10. Bd3 a5 11. Qe2 c4 12. Bc2 b5 13. 0-0 b4 14. Bh4 a4 15. cxb4 c3 16. Nxd7 Bxd7 17. Bxf6 cxd2 18. Bxh7+ Kxh7 19. Qh5+ Kg8 20. Qg5 g6 21. Qh6 1-0

[Event "Bangkok Big Rook op"]
[Site "Bangkok"]
[Date "2023.05.06"]
[Round "5"]
[White "Chao, Tzu Yi Anderson"]
[Black "Chua, Chee Sian Sebastien"]
[Result "0-1"]
[WhiteElo "1312"]
[BlackElo "1892"]
[PlyCount "74"]
[EventDate "2023.05.04"]
[EventType "swiss"]
[EventRounds "7"]
[EventCountry "THA"]
[SourceTitle "CBM 214 Extra"]
[Source "ChessBase"]
[SourceDate "2023.07.31"]
[SourceVersion "1"]
[SourceVersionDate "2023.07.31"]
[SourceQuality "1"]

1. e4 e5 2. Bc4 Nf6 3. d3 c6 4. Bb3 d5 5. Nd2 Bd6 6. Ngf3 0-0 7. 0-0 Nbd7 8. Re1 Re8 9. Nf1 Nc5 10. Ng3 Bc7 11. Bg5 h6 12. Bd2 a5 13. a3 Nxb3 14. cxb3 dxe4 15. dxe4 Bg4 16. Qe2 Nh5 17. h3 Nxg3 18. fxg3 Be6 19. b4 a4 20. Nh4 Qd4+ 21. Kh1 Qxb2 22. Nf3 Red8 23. Rec1 f6 24. Rab1 Qxa3 25. Bc3 Qa2 26. Rb2 Qc4 27. Qxc4 Bxc4 28. Bxe5 Bxe5 29. Nxe5 fxe5 30. Rxc4 Rd1+ 31. Kh2 a3 32. Ra2 Rb1 33. Rc3 Rxb4 34. Raxa3 Rxa3 35. Rxa3 b5 36. Re3 c5 37. Kg1 c4 0-1

[Event "Leca da Palmeira op"]
[Site "Leca da Palmeira"]
[Date "2022.08.02"]
[Round "5"]
[White "Perez Candelario, Manuel"]
[Black "Chua, Chee Sian Sebastien"]
[Result "1-0"]
[WhiteElo "2578"]
[BlackElo "2123"]
[PlyCount "59"]
[EventDate "2022.07.31"]
[EventType "swiss"]
[EventRounds "9"]
[EventCountry "POR"]
[SourceTitle "CBM 209 Extra"]
[Source "ChessBase"]
[SourceDate "2022.09.30"]
[SourceVersion "1"]
[SourceVersionDate "2022.09.30"]
[SourceQuality "1"]

1. e4 c6 2. d4 d5 3. e5 Bf5 4. Nd2 e6 5. Nb3 Nd7 6. Nf3 Ne7 7. Be2 h6 8. 0-0 g5 9. a4 Bg7 10. a5 Qc7 11. c3 f6 12. exf6 Bxf6 13. Ne1 0-0-0 14. Nd3 h5 15. Ra4 Ng6 16. Ndc5 Rh7 17. Re1 e5 18. Rb4 Nxc5 19. Nxc5 Qxa5 20. Qb3 b5 21. Bxb5 cxb5 22. Rxb5 Qc7 23. Na6 Qd6 24. Rc5+ Kd7 25. Qb7+ Ke8 26. Qxh7 Qxa6 27. dxe5 Ne7 28. Qh6 Bg6 29. exf6 Qxf6 30. Bxg5 1-0

[Event "Sitges op 46th"]
[Site "Sitges"]
[Date "2022.07.30"]
[Round "9"]
[White "Chua, Chee Sian Sebastien"]
[Black "Ihlen, Sivert"]
[Result "0-1"]
[WhiteElo "2123"]
[BlackElo "2057"]
[PlyCount "92"]
[EventDate "2022.07.22"]
[EventType "swiss"]
[EventRounds "9"]
[EventCountry "ESP"]
[SourceTitle "CBM 209 Extra"]
[Source "ChessBase"]
[SourceDate "2022.09.30"]
[SourceVersion "1"]
[SourceVersionDate "2022.09.30"]
[SourceQuality "1"]

1. e4 e5 2. Nf3 Nf6 3. Nxe5 d6 4. Nxf7 Kxf7 5. Nc3 c5 6. Bc4+ d5 7. Nxd5 Be6 8. d4 b5 9. Bg5 bxc4 10. Nxf6 gxf6 11. d5 Bc8 12. Qh5+ Kg8 13. Bh4 Bg7 14. 0-0 Bd7 15. f4 Qe8 16. Qf3 Na6 17. e5 fxe5 18. fxe5 Bxe5 19. Rae1 Bd4+ 20. Kh1 Qg6 21. d6 Re8 22. Re7 Nb8 23. Qd5+ Be6 24. Qb7 h6 25. Rf3 Be5 26. Bg3 Bg7 27. Re3 Rf8 28. h3 Bd7 29. Qd5+ Kh7 30. Be5 Bc6 31. Qd2 Rf7 32. Rg3 Rxe7 33. dxe7 Bxe5 34. Rxg6 Kxg6 35. Qe3 Kf5 36. Qxc5 Rg8 37. e8Q Rxe8 38. Qxc4 Re7 39. Qg4+ Kf6 40. Qh4+ Kf7 41. Qxh6 Bf6 42. Qh5+ Kf8 43. Qf5 Kg7 44. h4 Re1+ 45. Kh2 Be5+ 46. Kh3 Bd7 0-1

[Event "Sitges op 46th"]
[Site "Sitges"]
[Date "2022.07.28"]
[Round "7"]
[White "Chua, Chee Sian Sebastien"]
[Black "Altisen Palmada, Roberto"]
[Result "1-0"]
[WhiteElo "2123"]
[BlackElo "1934"]
[PlyCount "71"]
[EventDate "2022.07.22"]
[EventType "swiss"]
[EventRounds "9"]
[EventCountry "ESP"]
[SourceTitle "CBM 209 Extra"]
[Source "ChessBase"]
[SourceDate "2022.09.30"]
[SourceVersion "1"]
[SourceVersionDate "2022.09.30"]
[SourceQuality "1"]

1. d4 Nf6 2. c4 g6 3. Nc3 d5 4. cxd5 Nxd5 5. e4 Nxc3 6. bxc3 Bg7 7. Nf3 c5 8. h3 0-0 9. Be2 Nc6 10. Be3 Qa5 11. Bd2 Qa3 12. d5 Ne5 13. Nxe5 Bxe5 14. Qc2 f5 15. f4 Bf6 16. e5 Bh4+ 17. Kf1 e6 18. g4 Bg3 19. h4 b6 20. d6 Ba6 21. Bxa6 Qxa6+ 22. Kg2 Bxh4 23. Rxh4 Rf7 24. c4 Qb7+ 25. Kf2 Qc6 26. Rah1 Rb8 27. Qd3 Rg7 28. Qh3 Rbb7 29. Qf3 Qd7 30. Rh6 Qa4 31. Qb3 Qe8 32. Qb5 Qc8 33. Be3 Rbd7 34. Ke2 Rb7 35. Kd2 Qa8 36. R1h2 1-0

[Event "Sitges op 46th"]
[Site "Sitges"]
[Date "2022.07.24"]
[Round "3"]
[White "Chua, Chee Sian Sebastien"]
[Black "Shah, Vishwa Megh"]
[Result "0-1"]
[WhiteElo "2123"]
[BlackElo "1931"]
[PlyCount "68"]
[EventDate "2022.07.22"]
[EventType "swiss"]
[EventRounds "9"]
[EventCountry "ESP"]
[SourceTitle "CBM 209 Extra"]
[Source "ChessBase"]
[SourceDate "2022.09.30"]
[SourceVersion "1"]
[SourceVersionDate "2022.09.30"]
[SourceQuality "1"]

1. d4 Nf6 2. c4 c5 3. d5 b5 4. cxb5 a6 5. bxa6 g6 6. Nc3 Bg7 7. e4 0-0 8. a7 Rxa7 9. Be2 e6 10. Nf3 exd5 11. exd5 d6 12. 0-0 Na6 13. Nb5 Rd7 14. Bc4 Bb7 15. Qb3 Qa8 16. Rd1 Nb4 17. Nc3 Ba6 18. a3 Bxc4 19. Qxc4 Qa6 20. Qh4 Nd3 21. Bg5 Nh5 22. Ne4 Nxb2 23. Re1 Nd3 24. g4 Nxe1 25. Rxe1 f5 26. gxh5 fxe4 27. hxg6 hxg6 28. Qxe4 Rdf7 29. Qe6 Qd3 30. Nh4 Kh7 31. f4 Bf6 32. f5 gxf5 33. Re3 Qd1+ 34. Kf2 Qd4 0-1

[Event "Barcelona Sant Marti op-A 22nd"]
[Site "Barcelona"]
[Date "2022.07.20"]
[Round "8"]
[White "Borrellas Comellas, Josep"]
[Black "Chua, Chee Sian Sebastien"]
[Result "1/2-1/2"]
[WhiteElo "1817"]
[BlackElo "2123"]
[PlyCount "136"]
[EventDate "2022.07.13"]
[EventType "swiss"]
[EventRounds "9"]
[EventCountry "ESP"]
[SourceTitle "CBM 209 Extra"]
[Source "ChessBase"]
[SourceDate "2022.09.30"]
[SourceVersion "1"]
[SourceVersionDate "2022.09.30"]
[SourceQuality "1"]

1. e4 c6 2. d4 d5 3. Nc3 dxe4 4. Nxe4 Bf5 5. Ng3 Bg6 6. Nf3 Nd7 7. Bd3 e6 8. Bxg6 hxg6 9. Bf4 Ngf6 10. Qd3 Be7 11. Qb3 Qb6 12. Qxb6 Nxb6 13. 0-0 0-0 14. a4 c5 15. dxc5 Bxc5 16. Ne5 Nbd5 17. Nd3 Nxf4 18. Nxf4 Rfd8 19. Nd3 Bd6 20. Rfd1 Rac8 21. c3 Rd7 22. Ne1 Rcd8 23. Nf3 Bxg3 24. Rxd7 Bxh2+ 25. Nxh2 Rxd7 26. Nf3 Kf8 27. Kf1 Ke7 28. Ke2 Rd5 29. Ra3 Ne4 30. Ke3 Nd6 31. b3 f5 32. Ra1 Kf6 33. c4 Rc5 34. Rd1 Ke7 35. Kd4 Ne4 36. Ke3 e5 37. Nh4 Rc6 38. Rd5 Re6 39. g4 Nd6 40. c5 f4+ 41. Kf3 Nf7 42. Ke2 Kf6 43. f3 g5 44. Nf5 e4 45. fxe4 Rxe4+ 46. Kd3 Re5 47. Rd7 Rxf5 48. Rxf7+ Kxf7 49. gxf5 g4 50. Ke4 g3 51. Kf3 Kf6 52. b4 Kxf5 53. b5 Ke5 54. a5 Kd5 55. c6 Kd6 56. cxb7 Kc7 57. a6 Kb8 58. Kg2 g5 59. Kf3 Kc7 60. Kg2 g4 61. Kg1 f3 62. Kf1 Kb8 63. Kg1 g2 64. Kf2 Kc7 65. Kg1 g3 66. b6+ axb6 67. a7 Kxb7 68. a8Q+ Kxa8 1/2-1/2

[Event "Barcelona Sant Marti op-A 22nd"]
[Site "Barcelona"]
[Date "2022.07.18"]
[Round "6"]
[White "Morell, Ludvig"]
[Black "Chua, Chee Sian Sebastien"]
[Result "1-0"]
[WhiteElo "1867"]
[BlackElo "2123"]
[PlyCount "67"]
[EventDate "2022.07.13"]
[EventType "swiss"]
[EventRounds "9"]
[EventCountry "ESP"]
[SourceTitle "CBM 209 Extra"]
[Source "ChessBase"]
[SourceDate "2022.09.30"]
[SourceVersion "1"]
[SourceVersionDate "2022.09.30"]
[SourceQuality "1"]

1. e4 c5 2. Nf3 d6 3. d4 cxd4 4. Nxd4 Nf6 5. Nc3 a6 6. Be3 e5 7. Nb3 Be6 8. f3 h5 9. Nd5 Bxd5 10. exd5 Nbd7 11. Be2 Nb6 12. c4 Rc8 13. Nd2 g6 14. b3 Bg7 15. Bg5 Qc7 16. Bxf6 Bxf6 17. Ne4 Bg7 18. Rc1 Bh6 19. Rc2 f5 20. Nf2 Qc5 21. Bd3 Qa5+ 22. Ke2 0-0 23. Re1 e4 24. fxe4 fxe4 25. Bxe4 Qc5 26. Kf1 Bf4 27. Bxg6 Be3 28. Qxh5 Rc7 29. Bf5 Rcf7 30. Qg4+ Kh8 31. Qh3+ Kg8 32. Rxe3 Nxd5 33. Rg3+ Rg7 34. Qh7+ 1-0

[Event "Barcelona Sant Marti op-A 22nd"]
[Site "Barcelona"]
[Date "2022.07.17"]
[Round "5"]
[White "Chua, Chee Sian Sebastien"]
[Black "Martinez Mesa, Chaneli"]
[Result "0-1"]
[WhiteElo "2123"]
[BlackElo "1875"]
[PlyCount "102"]
[EventDate "2022.07.13"]
[EventType "swiss"]
[EventRounds "9"]
[EventCountry "ESP"]
[SourceTitle "CBM 209 Extra"]
[Source "ChessBase"]
[SourceDate "2022.09.30"]
[SourceVersion "1"]
[SourceVersionDate "2022.09.30"]
[SourceQuality "1"]

1. e4 e6 2. d4 d5 3. Nc3 Bb4 4. Nge2 b6 5. a3 Bxc3+ 6. Nxc3 dxe4 7. Nxe4 Bb7 8. Nc3 Nc6 9. Be3 Nge7 10. Qd2 Qd7 11. 0-0-0 0-0-0 12. Be2 Nf5 13. d5 Ne5 14. f4 Ng6 15. Bf3 exd5 16. Bxd5 Bxd5 17. Nxd5 Qb5 18. Qd3 Rxd5 19. Qxd5 Qxd5 20. Rxd5 Nxe3 21. Rd2 Nxf4 22. g3 Ng6 23. b3 Nf5 24. Rf1 Nd6 25. Kb2 f6 26. Re1 Ne5 27. Rf2 Re8 28. Ree2 Kd7 29. h3 h5 30. Kc3 Kc6 31. a4 Kd5 32. Rf4 c5 33. Rd2+ Ke6 34. Kb2 g5 35. Rf1 Nf5 36. Rfd1 Nxg3 37. Rd6+ Ke7 38. a5 Nf5 39. R6d2 g4 40. axb6 axb6 41. hxg4 hxg4 42. Ra1 Rd8 43. Ra7+ Rd7 44. Raxd7+ Nxd7 45. Rg2 Ne5 46. Ka3 b5 47. c3 Ke6 48. Rd2 Nd6 49. Rh2 g3 50. Rh8 Kf5 51. Rg8 Ng4 0-1

[Event "Barcelona Sant Marti op-A 22nd"]
[Site "Barcelona"]
[Date "2022.07.14"]
[Round "2"]
[White "Montell Zabay, Albert"]
[Black "Chua, Chee Sian Sebastien"]
[Result "1-0"]
[WhiteElo "1880"]
[BlackElo "2123"]
[PlyCount "95"]
[EventDate "2022.07.13"]
[EventType "swiss"]
[EventRounds "9"]
[EventCountry "ESP"]
[SourceTitle "CBM 209 Extra"]
[Source "ChessBase"]
[SourceDate "2022.09.30"]
[SourceVersion "1"]
[SourceVersionDate "2022.09.30"]
[SourceQuality "1"]

1. e4 c5 2. d4 cxd4 3. c3 dxc3 4. Nxc3 e6 5. Nf3 Nc6 6. Bc4 Bb4 7. 0-0 Nge7 8. Qe2 0-0 9. Rd1 Bxc3 10. bxc3 Qa5 11. Bb2 d5 12. Bd3 Ng6 13. g3 Bd7 14. h4 dxe4 15. Bxe4 Rfd8 16. c4 Be8 17. Kg2 Rxd1 18. Rxd1 Qxa2 19. Qc2 Qa5 20. c5 Rd8 21. Ra1 Qc7 22. h5 Nf8 23. h6 f5 24. hxg7 Ng6 25. Ng5 Qe7 26. f4 fxe4 27. Rh1 Nd4 28. Rxh7 Bc6 29. Kf1 Qxg5 30. Rh8+ Kf7 31. fxg5 Bb5+ 32. Kf2 e3+ 33. Kg1 Nf3+ 34. Kh1 Nxh8 35. gxh8Q Rxh8+ 36. Bxh8 Bc6 37. Qh7+ Ke8 38. Qh5+ Kf8 39. Bc3 e5 40. g6 e2 41. Qf5+ Ke7 42. Qf7+ Kd8 43. Qf8+ Kc7 44. Qd6+ Kc8 45. g7 Nd2+ 46. Kh2 Nf3+ 47. Kh3 Ng5+ 48. Kg4 1-0

[Event "Barbera del Valles op 43rd"]
[Site "Barbera del Valles"]
[Date "2021.11.21"]
[Round "1"]
[White "Chua, Chee Sian Sebastien"]
[Black "Martyr, Reginald"]
[Result "0-1"]
[WhiteElo "1815"]
[BlackElo "2169"]
[PlyCount "60"]
[EventDate "2021.11.21"]
[EventType "swiss"]
[EventRounds "9"]
[EventCountry "ESP"]
[SourceTitle "EXT 2023"]
[Source "ChessBase"]
[SourceDate "2022.10.05"]
[SourceVersion "1"]
[SourceVersionDate "2022.10.05"]
[SourceQuality "1"]

1. d4 f5 2. e4 fxe4 3. Nc3 Nf6 4. Bg5 g6 5. f3 d5 6. fxe4 Nxe4 7. Nxe4 dxe4 8. Bc4 Nc6 9. Ne2 Na5 10. Bb3 Nxb3 11. axb3 Bg7 12. Qd2 0-0 13. 0-0-0 a5 14. Nc3 Bf5 15. Qe2 Qd7 16. h3 h6 17. Bh4 g5 18. Bg3 Qc6 19. Rhe1 e6 20. Qc4 Rfd8 21. Nb5 Rd7 22. Bxc7 a4 23. g4 Bg6 24. Be5 Bxe5 25. dxe5 axb3 26. cxb3 Ra1+ 27. Kc2 e3+ 28. Kc3 Qxc4+ 29. bxc4 Raxd1 30. Rxe3 R1d3+ 0-1

[Event "Zonal 3.3 Online"]
[Site "Tornelo INT"]
[Date "2021.05.01"]
[Round "1"]
[White "Chua, Chee Sian Sebastien"]
[Black "Miciano, John Marvin"]
[Result "0-1"]
[WhiteElo "1815"]
[BlackElo "2316"]
[PlyCount "102"]
[EventDate "2021.05.01"]
[EventType "swiss"]
[EventRounds "9"]
[EventCountry "PHI"]
[SourceTitle "CBM 202 Extra"]
[Source "ChessBase"]
[SourceDate "2021.07.31"]
[SourceVersion "1"]
[SourceVersionDate "2021.07.31"]
[SourceQuality "1"]

1. d4 Nf6 2. c4 g6 3. g3 Bg7 4. Bg2 0-0 5. Nc3 d6 6. Nf3 c6 7. 0-0 Qa5 8. e4 Qh5 9. e5 dxe5 10. dxe5 Ng4 11. Bf4 Nd7 12. Re1 g5 13. Bxg5 Ndxe5 14. Bxe7 Nxf3+ 15. Qxf3 Qxh2+ 16. Kf1 Re8 17. Bh4 Ne5 18. Qf4 Bh3 19. Bxh3 Qh1+ 20. Ke2 Qxh3 21. Kd2 Qd7+ 22. Kc2 Qd3+ 23. Kb3 Nf3 24. Rxe8+ Rxe8 25. Bf6 Nd2+ 26. Kb4 a5+ 27. Kxa5 Nxc4+ 28. Kb4 Bf8+ 29. Kb3 Nd2+ 30. Qxd2 Qxd2 31. Rd1 Qxf2 32. Bd4 Qf5 33. g4 Qe6+ 34. Kc2 b5 35. Rf1 Qg6+ 36. Kb3 c5 37. Bxc5 Bxc5 38. Rf5 Bd4 39. Rxb5 Bxc3 40. bxc3 Qb1+ 41. Kc4 Rc8+ 42. Rc5 Qxa2+ 43. Kd4 Qf2+ 44. Kd3 Qxc5 45. g5 Qxc3+ 46. Ke4 Qc5 47. Kf4 Rd8 48. g6 fxg6 49. Ke4 Rd4+ 50. Kf3 Qc3+ 51. Ke2 Rd2+ 0-1

[Event "Kuala Lumpur Merdeka rapid op"]
[Site "Kuala Lumpur"]
[Date "2019.09.01"]
[Round "4"]
[White "Hakim, Nuh"]
[Black "Chua, Chee Sian Sebastien"]
[Result "1-0"]
[WhiteElo "2174"]
[BlackElo "1636"]
[PlyCount "59"]
[EventDate "2019.09.01"]
[EventType "swiss (rapid)"]
[EventRounds "7"]
[EventCountry "MAS"]
[SourceTitle "EXT 2020"]
[Source "ChessBase"]
[SourceDate "2019.10.17"]
[SourceVersion "1"]
[SourceVersionDate "2019.10.17"]
[SourceQuality "1"]

1. Nf3 f5 2. b3 d6 3. d4 Nf6 4. Bb2 e6 5. Nbd2 Be7 6. c4 0-0 7. Qc2 b6 8. e4 fxe4 9. Nxe4 Bb7 10. Bd3 h6 11. 0-0 Nc6 12. a3 Nxe4 13. Bxe4 d5 14. Bh7+ Kh8 15. b4 Bd6 16. c5 Bf4 17. Rfe1 Qf6 18. Bd3 a6 19. Qe2 Rae8 20. Bc2 e5 21. dxe5 Nxe5 22. Nxe5 Bxe5 23. Bxe5 Rxe5 24. Qxe5 Qxf2+ 25. Kh1 Qxc2 26. Qxc7 Rf2 27. Qxb7 Rxg2 28. Qc8+ Kh7 29. Qh3 Qf2 30. Qxg2 1-0

[Event "Pattaya op 1st"]
[Site "Pattaya"]
[Date "2019.07.14"]
[Round "7"]
[White "Pitra, Andika"]
[Black "Chua, Chee Sian Sebastien"]
[Result "1-0"]
[WhiteElo "2305"]
[BlackElo "1635"]
[PlyCount "99"]
[EventDate "2019.07.09"]
[EventType "swiss"]
[EventRounds "9"]
[EventCountry "THA"]
[SourceTitle "EXT 2020"]
[Source "ChessBase"]
[SourceDate "2019.10.17"]
[SourceVersion "1"]
[SourceVersionDate "2019.10.17"]
[SourceQuality "1"]

1. Nf3 f5 2. d3 d6 3. e4 e5 4. Nc3 Nf6 5. g3 Be7 6. Bg2 0-0 7. 0-0 fxe4 8. dxe4 Nc6 9. h3 Kh8 10. Be3 Be6 11. b3 Qd7 12. Kh2 Rad8 13. Ng5 Bg8 14. f4 h6 15. Nf3 exf4 16. gxf4 d5 17. Nh4 Bh7 18. exd5 Nb4 19. f5 Nfxd5 20. Nxd5 Nxd5 21. Qxd5 Qxd5 22. Bxd5 Rxd5 23. Ng6+ Bxg6 24. fxg6 Rf6 25. Rxf6 Bxf6 26. Rf1 Kg8 27. c4 Be5+ 28. Kh1 Rd6 29. Rf5 Bg3 30. Bxa7 Rxg6 31. Bd4 Bd6 32. c5 Bf8 33. Rd5 Rg3 34. Kh2 Rd3 35. Rd8 Rd2+ 36. Kg3 Rxa2 37. c6 bxc6 38. Bc5 Rc2 39. Rxf8+ Kh7 40. b4 g5 41. Rf6 h5 42. Rxc6 Rc3+ 43. Kg2 Rc2+ 44. Kf1 Rc3 45. Rxc7+ Kg6 46. b5 Rxh3 47. b6 Rb3 48. b7 g4 49. Rc6+ Kf5 50. Rb6 1-0

[Event "Penang Mini op 2nd"]
[Site "Penang"]
[Date "2019.06.09"]
[Round "9"]
[White "Chua, Jia Tien"]
[Black "Chua, Chee Sian Sebastien"]
[Result "1-0"]
[WhiteElo "1775"]
[BlackElo "1763"]
[PlyCount "63"]
[EventDate "2019.06.05"]
[EventType "swiss"]
[EventRounds "9"]
[EventCountry "MAS"]
[SourceTitle "CBM 190 Extra"]
[Source "ChessBase"]
[SourceDate "2019.07.15"]
[SourceVersion "1"]
[SourceVersionDate "2019.07.15"]
[SourceQuality "1"]

1. e4 g6 2. d4 Bg7 3. Nc3 c6 4. Nf3 d5 5. Be2 Bg4 6. Be3 e6 7. Qd2 Nd7 8. 0-0 Ngf6 9. e5 Ng8 10. h3 Bxf3 11. Bxf3 h5 12. Ne2 Nh6 13. Bg5 Qb6 14. c3 Nf5 15. g4 hxg4 16. hxg4 Ne7 17. Kg2 f6 18. exf6 Bxf6 19. Bxf6 Nxf6 20. Nf4 Qc7 21. Rh1 Kd7 22. Qe3 Qd6 23. Rae1 Rxh1 24. Kxh1 Rh8+ 25. Kg2 Ne4 26. Bxe4 g5 27. Bxd5 Nxd5 28. Qxe6+ Qxe6 29. Nxe6 b6 30. Re5 Rg8 31. Kg3 Nf6 32. Nxg5 1-0

[Event "Penang Mini op 2nd"]
[Site "Penang"]
[Date "2019.06.07"]
[Round "6"]
[White "Goh, Kai Ray Alden"]
[Black "Chua, Chee Sian Sebastien"]
[Result "0-1"]
[WhiteElo "1446"]
[BlackElo "1763"]
[PlyCount "116"]
[EventDate "2019.06.05"]
[EventType "swiss"]
[EventRounds "9"]
[EventCountry "MAS"]
[SourceTitle "CBM 190 Extra"]
[Source "ChessBase"]
[SourceDate "2019.07.15"]
[SourceVersion "1"]
[SourceVersionDate "2019.07.15"]
[SourceQuality "1"]

1. e4 c6 2. c4 d5 3. exd5 cxd5 4. cxd5 Nf6 5. Qa4+ Nbd7 6. Nc3 g6 7. Nf3 Bg7 8. Bc4 0-0 9. d3 a6 10. Qd1 b5 11. Bb3 Bb7 12. 0-0 Nb6 13. Bg5 Nbxd5 14. Re1 Nxc3 15. bxc3 Qc7 16. Rc1 e6 17. d4 Ne4 18. Qd3 Nxg5 19. Nxg5 Qf4 20. Ne4 Bxe4 21. Qxe4 Qxe4 22. Rxe4 Rac8 23. Rc2 Rfd8 24. f4 a5 25. a4 b4 26. Kf2 bxc3 27. Ke3 Rb8 28. Bc4 Rb2 29. Rxc3 Rxg2 30. Kf3 Rxh2 31. Kg3 Rd2 32. Bb5 R2xd4 33. Ree3 Rb4 34. Rc7 Bh6 35. Rf3 Kg7 36. Ra7 Kf6 37. Rxa5 Rdd4 38. Ra7 Bxf4+ 39. Kh3 Rb2 40. Rxf4+ Rxf4 41. Be8 Kg5 42. Rxf7 Rxf7 43. Bxf7 Ra2 44. Bxe6 Rxa4 45. Bg8 h5 46. Bd5 Ra3+ 47. Kh2 Kh4 48. Kg2 g5 49. Kh2 g4 50. Kg2 Rd3 51. Be4 Rd2+ 52. Kf1 Kg3 53. Bb7 h4 54. Bc6 h3 55. Ke1 Rb2 56. Be4 Kf4 57. Bd5 Ke3 58. Kd1 Rd2+ 0-1

[Event "Penang Mini op 2nd"]
[Site "Penang"]
[Date "2019.06.05"]
[Round "1"]
[White "Pang, Tao"]
[Black "Chua, Chee Sian Sebastien"]
[Result "1-0"]
[WhiteElo "2354"]
[BlackElo "1763"]
[PlyCount "51"]
[EventDate "2019.06.05"]
[EventType "swiss"]
[EventRounds "9"]
[EventCountry "MAS"]
[SourceTitle "CBM 190 Extra"]
[Source "ChessBase"]
[SourceDate "2019.07.15"]
[SourceVersion "1"]
[SourceVersionDate "2019.07.15"]
[SourceQuality "1"]

1. c4 f5 2. Nc3 Nf6 3. d4 e6 4. Nf3 Be7 5. g3 0-0 6. Bg2 d6 7. 0-0 a5 8. Re1 Ne4 9. Qc2 Nxc3 10. Qxc3 Bf6 11. Qd3 Nc6 12. Rd1 e5 13. dxe5 dxe5 14. Qxd8 Rxd8 15. Rxd8+ Nxd8 16. Bg5 Bxg5 17. Nxg5 h6 18. Rd1 Nf7 19. Nxf7 Kxf7 20. Rd8 e4 21. f3 Ke7 22. Rg8 Kf7 23. Rh8 b6 24. fxe4 Bb7 25. Rxa8 Bxa8 26. exf5 1-0

[Event "Vientiane op"]
[Site "Vientiane"]
[Date "2018.12.20"]
[Round "5"]
[White "Vaingorten, Yaaqov"]
[Black "Chua, Chee Sian Sebastien"]
[Result "1-0"]
[WhiteElo "2213"]
[BlackElo "1699"]
[PlyCount "61"]
[EventDate "2018.12.18"]
[EventType "swiss"]
[EventRounds "9"]
[EventCountry "LAO"]
[SourceTitle "CBM 187 Extra"]
[Source "ChessBase"]
[SourceDate "2018.11.04"]
[SourceVersion "1"]
[SourceVersionDate "2018.11.04"]
[SourceQuality "1"]

1. d4 d5 2. Nf3 Nf6 3. g3 c5 4. Bg2 cxd4 5. 0-0 Nc6 6. Nxd4 e6 7. c4 Be7 8. Nc3 0-0 9. cxd5 exd5 10. b3 Qb6 11. Nxc6 bxc6 12. Na4 Qc7 13. Bb2 Be6 14. Rc1 Rfd8 15. Qd4 Rac8 16. Nc5 Bf8 17. Rfd1 Nd7 18. Ba3 Qe5 19. Qxe5 Nxe5 20. Bb2 Nd7 21. Bd4 Re8 22. e3 Bg4 23. f3 Bxc5 24. Bxc5 Nxc5 25. Rxc5 Bf5 26. Kf2 Re7 27. e4 Be6 28. exd5 Rd7 29. f4 Kf8 30. Rdc1 Bg4 31. h3 1-0

[Event "Hong Kong Jolimark op"]
[Site "Hong Kong"]
[Date "2017.12.27"]
[Round "9"]
[White "Chan, Kaden Timothy"]
[Black "Chua, Chee Sian Sebastien"]
[Result "1/2-1/2"]
[WhiteElo "1600"]
[BlackElo "1475"]
[PlyCount "94"]
[EventDate "2017.12.23"]
[EventType "swiss"]
[EventRounds "9"]
[EventCountry "HKG"]
[SourceTitle "CBM 182 Extra"]
[Source "ChessBase"]
[SourceDate "2018.02.23"]
[SourceVersion "1"]
[SourceVersionDate "2018.02.23"]
[SourceQuality "1"]

1. d4 f5 2. g3 Nf6 3. Bg2 g6 4. Nh3 Bg7 5. 0-0 0-0 6. c4 d6 7. Qb3 c6 8. Rd1 Nbd7 9. Nf4 Nb8 10. Nc3 Na6 11. c5+ Kh8 12. Nd3 Nc7 13. cxd6 exd6 14. d5 c5 15. Bg5 b5 16. Nxc5 h6 17. Bxf6 Qxf6 18. Nd3 g5 19. Rac1 Rb8 20. e3 Bd7 21. Ne2 Rfc8 22. Rd2 a5 23. Qd1 Na6 24. Rdc2 Re8 25. Nd4 f4 26. gxf4 gxf4 27. Nxf4 Qg5 28. Nfe6 Qg6 29. Kh1 Be5 30. Qe2 Nc5 31. Nxc5 dxc5 32. Nf3 Bd6 33. Rg1 Qf5 34. Rd2 Re7 35. Qd3 Qg4 36. Qc3+ Kh7 37. Ne1 Rf8 38. h3 Qh4 39. e4 b4 40. Qd3 c4 41. Nf3 Qh5 42. Qf1 Rxe4 43. Ng5+ hxg5 44. Bxe4+ Kh8 45. Bg2 g4 46. Qe2 Re8 47. Qd1 Qe5 1/2-1/2

[Event "Hong Kong Jolimark op"]
[Site "Hong Kong"]
[Date "2017.12.26"]
[Round "8"]
[White "Chua, Chee Sian Sebastien"]
[Black "Ho, In Hei Henry"]
[Result "1/2-1/2"]
[WhiteElo "1475"]
[BlackElo "1781"]
[PlyCount "163"]
[EventDate "2017.12.23"]
[EventType "swiss"]
[EventRounds "9"]
[EventCountry "HKG"]
[SourceTitle "CBM 182 Extra"]
[Source "ChessBase"]
[SourceDate "2018.02.23"]
[SourceVersion "1"]
[SourceVersionDate "2018.02.23"]
[SourceQuality "1"]

1. e4 e6 2. d4 b6 3. Nc3 Bb7 4. Bd3 Nf6 5. Nf3 Bb4 6. Qe2 h6 7. Bd2 d5 8. exd5 Nxd5 9. Nxd5 Bxd2+ 10. Nxd2 Bxd5 11. Be4 0-0 12. 0-0 Nd7 13. Bxd5 exd5 14. Rfe1 c5 15. Nf3 Qc7 16. dxc5 bxc5 17. Rad1 Nf6 18. c4 Rfe8 19. Qc2 d4 20. b4 Rxe1+ 21. Rxe1 Rc8 22. bxc5 Qxc5 23. Rd1 Qxc4 24. Qxc4 Rxc4 25. Nxd4 Ra4 26. f3 Rxa2 27. Nc6 a5 28. Rd8+ Kh7 29. Ra8 a4 30. Nb4 Ra1+ 31. Kf2 Kg6 32. Kg3 Nd7 33. Ra7 Nc5 34. Ra5 Nb3 35. Ra6+ f6 36. Nc2 Rc1 37. Na3 Nc5 38. Ra5 Rc3 39. Nb1 Rb3 40. Rxc5 Rxb1 41. Ra5 Ra1 42. Kf4 h5 43. Ra7 a3 44. Ra5 Ra2 45. Kg3 Kh6 46. h4 Kg6 47. Ra7 Ra1 48. Kf4 Kh7 49. Ra8 Kh6 50. Ra7 Ra2 51. g3 Ra1 52. Ra6 a2 53. Ra5 g5+ 54. hxg5+ fxg5+ 55. Kf5 h4 56. g4 h3 57. Kf6 Rf1 58. Rxa2 Rxf3+ 59. Ke5 Kg6 60. Ra6+ Kg7 61. Ra7+ Rf7 62. Ra2 Rb7 63. Kf5 Rb5+ 64. Ke4 Rb6 65. Kf5 Rh6 66. Rh2 Rh8 67. Kxg5 Kf7 68. Kf4 Kf6 69. Kg3 Kg5 70. Rxh3 Rxh3+ 71. Kxh3 Kg6 72. Kh4 Kh6 73. g5+ Kg7 74. Kh5 Kh7 75. g6+ Kg8 76. Kg4 Kg7 77. Kg5 Kg8 78. Kg4 Kg7 79. Kg5 Kg8 80. Kf6 Kf8 81. g7+ Kg8 82. Kg6 1/2-1/2